• 首页
  • 本馆介绍
  • 公告通知
  • 最新文献
  • 馆藏检索
  • 电子资源
  • 读者导购
  • 参考咨询
  • 我的图书馆
  • 登录
  • 详细信息显示
  • 放入我的书架
  • 预约/预借图书
  • 作者相关作品
  • 分类相关作品
  • 丛书相关作品
  • 出版社相关作品

书目信息

  • 表格格式
  • 工作单格式
  • 卡片格式
题名:
标新立意 五
    
 
作者: 孟培 编著
分册:  
出版信息: 武汉   湖北美术出版社  2004.08
页数: 92页
开本: 21cm
丛书名: 现代标志应用分类丛书
单 册:
中图分类: J534.4
科图分类:
主题词: 标志--设计--世界--图集 , 展览会--标志--设计--世界--图集 , 标志 , 展览会
电子资源:
ISBN: 7-5394-1598-3
000 00981oam2 2200289 450
001 002749004
005 20041129103631.0
010    @a7-5394-1598-3@dCNY20.00
100    @a20100913d2004 em y0chiy0110 ea
101 0  @achi
102    @aCN@b420000
105    @aa z 000yy
200 1  @a标新立意 五@Abiao xin li yi wu@e展会活动标志@f孟培编著
210    @a武汉@c湖北美术出版社@d2004.08
215    @a92页@c彩图@d21cm
225 2  @a现代标志应用分类丛书
330    @a本书主要收录了世界展会活动标志设计作品,通过对各类标志的参考与比较,学会观察和认识行业标志的特征,对行业标志逐步熟悉,从中寻找到共同规律和设计思路,以及各种不同的表现方法。
461  0 @12001 @a现代标志应用分类丛书
517 1  @a展会活动标志@Azhan hui huo dong biao zhi
606 0  @a标志@x设计@y世界@j图集
606 0  @a展览会@x标志@x设计@y世界@j图集
606 0  @a标志
606 0  @a展览会
690    @aJ534.4@v5
701  0 @a孟培@Ameng pei@4编著
905    @aBZT@dJ534.4@e2-5
906    @dCNY20.00@n0@r1
    
    标新立意 五:展会活动标志/孟培编著.-武汉:湖北美术出版社,2004.08
    92页:彩图;21cm.-(现代标志应用分类丛书)
    
    
    ISBN 7-5394-1598-3:CNY20.00
    本书主要收录了世界展会活动标志设计作品,通过对各类标志的参考与比较,学会观察和认识行业标志的特征,对行业标志逐步熟悉,从中寻找到共同规律和设计思路,以及各种不同的表现方法。
●
相关链接 在五车中查询图书 在当当中查询图书 在豆瓣中查询图书


正题名:标新立意 五     索取号:J534.4/2-5         预约/预借

序号 登录号 条形码 馆藏地/架位号 状态 备注
1 770588   2000770588   中心书库中库/ 中库020架A面4列4层21/ [索取号:J534.4/2-5] 在馆    
2 770589   2000770589   中心书库中库/ 中库020架A面4列4层11/ [索取号:J534.4/2-5] 在馆    
3 770590   2000770590   中心书库中库/ 中库020架A面4列4层16/ [索取号:J534.4/2-5] 在馆    
4 770591   2000770591   中心书库中库/ 中库020架A面4列4层20/ [索取号:J534.4/2-5] 在馆    
5 770592   2000770592   中心书库中库/ 中库020架A面4列4层15/ [索取号:J534.4/2-5] 在馆    
6 770593   2000770593   中心书库中库/ 中库020架A面4列4层19/ [索取号:J534.4/2-5] 在馆    
7 770594   2000770594   中心书库中库/ 中库020架A面4列4层14/ [索取号:J534.4/2-5] 在馆    
8 770595   2000770595   中心书库中库/ 中库020架A面4列4层17/ [索取号:J534.4/2-5] 在馆    
9 770596   2000770596   中心书库中库/ 中库020架A面4列4层12/ [索取号:J534.4/2-5] 在馆    
10 770597   2000770597   中心书库中库/ 中库020架A面4列4层13/ [索取号:J534.4/2-5] 在馆    
山东省滨州职业学院图书馆 欢迎您!
大连网信软件有限公司© 版权所有